| 000 | 00749nam a2200241 4500 | ||
|---|---|---|---|
| 001 | 46122 | ||
| 010 | _a9789722132862 | ||
| 021 | _b535088/24 | ||
| 090 | _a46122 | ||
| 100 | _a20241009d2024 c y0pory50030103ba | ||
| 101 | 0 | _apor | |
| 102 | _aPT | ||
| 200 | 1 |
_aGaspar, com os pés bem assentes na lua _fRita Taborda Duarte, Sebastião Peixoto |
|
| 205 | _a1.ª ed. | ||
| 210 | 9 |
_aAlfragide _cCaminho, _d2024 |
|
| 215 |
_a42, [4] p. _cil. _d24 cm |
||
| 675 |
_a087.5 _vBN _zpor |
||
| 675 |
_a821.134.3-93"19/20" _vBN _zpor |
||
| 700 | 1 |
_aDuarte, _bRita Taborda, _f1973- |
|
| 701 | 1 |
_aPeixoto, _bSebastião, _f1972- _4070 |
|
| 801 | 0 |
_aPT _bBN _gRPC |
|
| 856 | 4 | 1 | _uhttp://rnod.bnportugal.gov.pt/ImagesBN/winlibimg.aspx?skey=&doc=2189569&img=200795&save=true |
| 990 | _cLIVROS | ||